国際興業バス 下赤〇〇系統 停留所名 - Statistics

General Stats
  • This quiz has been taken 2 times
  • The average score is 4 of 18
Answer Stats
系統 所在市区町村 停留所名 備考 % Correct
下赤03 東京都板橋区 下赤塚駅
100%
徳丸西 ルート2
50%
赤塚公園
50%
高島平警察署
50%
高島平駅
50%
高島平操車場
50%
赤塚健康福祉センター入口 ルート1
0%
赤塚六丁目 ルート1
0%
赤塚庁舎入口 ルート1
0%
赤塚八丁目 ルート1
0%
四葉町 ルート1
0%
赤塚一丁目 ルート2
0%
赤塚第一中学校 ルート2
0%
徳丸本町公園入口 ルート2
0%
おいせ坂上 ルート2
0%
徳丸五丁目 ルート2
0%
徳丸八丁目
0%
板橋特別支援学校
0%
No matching quizzes found
Score Distribution
Percent of People with Each Score
Percentile by Number Answered
Your Score History
You have not taken this quiz